Estado de derecho: problemas actuales
Сохранить в:
| Главный автор: | |
|---|---|
| Формат: | |
| Язык: | испанский |
| Опубликовано: |
Ciudad de México
Fontamara
1998
|
| Серии: | Biblioteca de Etica, Filosofía del Derecho y Política, 69
|
| Предметы: | |
| Метки: |
Добавить метку
Нет меток, Требуется 1-ая метка записи!
|
MARC
| LEADER | 00000nam a2200000 a 4500 | ||
|---|---|---|---|
| 001 | UCN3887 | ||
| 003 | CL-VaPUC | ||
| 008 | 010713e19980000MX |||||||||||||||||spa|d | ||
| 082 | 0 | 4 | |a 340.11 |b HIE |2 21 |
| 100 | |a Hierro, Liborio L |e author |9 595660 | ||
| 245 | 1 | 0 | |a Estado de derecho: problemas actuales |
| 300 | |a 136 p | ||
| 942 | |c BK | ||
| 945 | |d 20010713 00:00:00 |a vberengu | ||
| 260 | |a Ciudad de México |b Fontamara |c 1998 | ||
| 650 | 7 | |a LEY |2 CL-VaPUC |9 460494 | |
| 650 | 0 | |a Democracia |9 255256 | |
| 650 | 0 | |a Derechos fundamentales |9 254841 | |
| 650 | 0 | |a Poder judicial |9 254871 | |
| 650 | 0 | |a Seguridad jurídica |9 257802 | |
| 650 | 0 | |a Derechos humanos |9 223025 | |
| 583 | |a last modification |c 20010713 00:00:00 |k Rodrigo Vera | ||
| 490 | 0 | |a Biblioteca de Etica, Filosofía del Derecho y Política, 69 | |
| 999 | |c 296558 |d 296556 | ||
| 952 | |0 0 |1 0 |4 0 |6 340_110000000000000_HIE_1998 |7 0 |8 DER_TF |9 350431 |a BIBDER |b BIBDER |d 2019-11-20 |i 3739252 |o 340.11 HIE 1998 |p 3739252 |r 2023-01-25 |w 2019-11-20 |x Ubicación 4to Piso |y BK |z Estos recursos deben solicitarse con anticipación |k DER | ||